[Event "Asian-ch Seniors 65"]
[Site "Chess.com INT"]
[Date "2020.07.20"]
[Round "3.3"]
[White "Ardeshirpour, Hossein"]
[Black "Nukin, Tolegen"]
[Result "1-0"]
[WhiteElo "1794"]
[BlackElo "2156"]
[PlyCount "67"]
[EventDate "2020.07.20"]
[EventType "swiss"]
[EventRounds "9"]
[EventCountry "UAE"]
[SourceTitle "EXT 2024"]
[Source "ChessBase"]
[SourceDate "2023.10.10"]
[SourceVersion "1"]
[SourceVersionDate "2023.10.10"]
[SourceQuality "1"]

1. e4 c5 2. Nf3 e6 3. c4 d6 4. d3 Nc6 5. Nc3 g6 6. Be2 Bg7 7. 0-0 Nge7 8. Bg5 h6 9. Be3 Nd4 10. Qd2 Kf8 11. h3 Kg8 12. Nh2 Kh7 13. f4 f5 14. Bf3 Nec6 15. Kh1 Rf8 16. Qf2 a6 17. Rae1 Rb8 18. exf5 gxf5 19. g4 Nxf3 20. Nxf3 e5 21. g5 Be6 22. Nd5 Bxd5 23. cxd5 Ne7 24. Rg1 h5 25. g6+ Nxg6 26. Ng5+ Kh8 27. Ne6 Qf6 28. Rxg6 Qxg6 29. Rg1 Qxg1+ 30. Qxg1 Rf7 31. Qg6 Kg8 32. fxe5 Re8 33. exd6 f4 34. Bxf4 1-0

[Event "Asian-ch Seniors 65"]
[Site "Chess.com INT"]
[Date "2020.07.20"]
[Round "8.4"]
[White "Nukin, Tolegen"]
[Black "Serjmyadag, Damdin"]
[Result "1/2-1/2"]
[WhiteElo "2156"]
[BlackElo "2008"]
[PlyCount "74"]
[EventDate "2020.07.20"]
[EventType "swiss"]
[EventRounds "9"]
[EventCountry "UAE"]
[SourceTitle "EXT 2024"]
[Source "ChessBase"]
[SourceDate "2023.10.10"]
[SourceVersion "1"]
[SourceVersionDate "2023.10.10"]
[SourceQuality "1"]

1. e4 e6 2. d4 d5 3. exd5 exd5 4. c4 Nf6 5. Nc3 Be7 6. Nf3 0-0 7. cxd5 Nxd5 8. Bc4 Be6 9. Qb3 Bb4 10. 0-0 Bxc3 11. bxc3 b6 12. Ng5 Nc6 13. Qc2 g6 14. Nxe6 fxe6 15. Bh6 Re8 16. g3 Nce7 17. h4 Nf5 18. Bg5 Qd6 19. Rfe1 c5 20. Bb5 Rec8 21. dxc5 Rxc5 22. c4 Rac8 23. Qe4 Nc3 24. Qxe6+ Qxe6 25. Rxe6 Nxb5 26. cxb5 Rxb5 27. Rae1 Nd4 28. Re8+ Rxe8 29. Rxe8+ Kf7 30. Re7+ Kg8 31. Rxa7 Nf3+ 32. Kg2 Nxg5 33. hxg5 Rxg5 34. a4 Rc5 35. Rb7 Ra5 36. Rxb6 Rxa4 37. Rb7 Re4 1/2-1/2

[Event "Almaty op"]
[Site "Almaty"]
[Date "2019.10.14"]
[Round "9"]
[White "Nukin, Tolegen"]
[Black "Isanzhulov, Arystan"]
[Result "0-1"]
[WhiteElo "2093"]
[BlackElo "2305"]
[PlyCount "96"]
[EventDate "2019.10.07"]
[EventType "swiss"]
[EventRounds "9"]
[EventCountry "KAZ"]
[SourceTitle "EXT 2020"]
[Source "ChessBase"]
[SourceDate "2019.10.17"]
[SourceVersion "1"]
[SourceVersionDate "2019.10.17"]
[SourceQuality "1"]

1. e4 e6 2. d4 b6 3. Bd3 Bb7 4. Be3 d6 5. Ne2 g6 6. c4 Bg7 7. Nbc3 Nc6 8. Bc2 Nf6 9. f3 0-0 10. Qd2 Ba6 11. b3 Nb4 12. Bb1 c5 13. 0-0 Qe7 14. Rd1 Rfd8 15. Bg5 Qf8 16. d5 exd5 17. exd5 h6 18. Bxf6 Bxf6 19. a3 Bc8 20. Be4 Na6 21. Rab1 Bd7 22. Nb5 Bxb5 23. cxb5 Nc7 24. Bd3 Qg7 25. a4 Re8 26. Bc4 Re7 27. Ng3 Bc3 28. Qc2 Rae8 29. Ne2 Bb4 30. Ng3 Bc3 31. Ne2 Ba5 32. Ng3 Rf8 33. Rd3 Ne8 34. Ne4 f5 35. Ng3 Nf6 36. Ne2 Nh5 37. Rdd1 Qe5 38. Qb2 Qe3+ 39. Kf1 Rfe8 40. Qc1 Qe5 41. Qxh6 Qxh2 42. Qxg6+ Kh8 43. Kf2 Rxe2+ 44. Bxe2 Qh4+ 45. Kg1 Rxe2 46. Qh6+ Kg8 47. Qg6+ Ng7 48. Rd2 Re3 0-1

[Event "Pavlodar Nikitin Memorial"]
[Site "Pavlodar"]
[Date "2019.01.26"]
[Round "5"]
[White "Rakhimzhan, Alen"]
[Black "Nukin, Tolegen"]
[Result "1-0"]
[WhiteElo "2320"]
[BlackElo "2155"]
[PlyCount "53"]
[EventDate "2019.01.22"]
[EventType "tourn"]
[EventRounds "9"]
[EventCountry "KAZ"]
[EventCategory "2"]
[SourceTitle "CBM 189 Extra"]
[Source "ChessBase"]
[SourceDate "2019.06.03"]
[SourceVersion "1"]
[SourceVersionDate "2019.06.03"]
[SourceQuality "1"]

1. d4 Nf6 2. c4 e6 3. Nc3 Bb4 4. e3 0-0 5. Bd2 d5 6. Nf3 b6 7. cxd5 exd5 8. Bd3 Bb7 9. 0-0 Re8 10. Rc1 a6 11. Ne5 Bd6 12. f4 Nbd7 13. Be1 c5 14. Bh4 Qc7 15. Qf3 Be7 16. Qh3 Nf8 17. g4 c4 18. g5 N6d7 19. Bxh7+ Kxh7 20. g6+ fxg6 21. Bxe7+ Kg8 22. Nxg6 Nxg6 23. Qe6+ Kh7 24. Rf3 Nf6 25. Rh3+ Nh4 26. Rxh4+ Kg6 27. Kh1 1-0

[Event "Wch Seniors 65 28th"]
[Site "Bled"]
[Date "2018.11.20"]
[Round "3"]
[White "Nilsson, Weine"]
[Black "Nukin, Tolegen"]
[Result "0-1"]
[WhiteElo "1976"]
[BlackElo "2171"]
[PlyCount "124"]
[EventDate "2018.11.18"]
[EventType "swiss"]
[EventRounds "11"]
[EventCountry "SLO"]
[SourceTitle "CBM 187 Extra"]
[Source "ChessBase"]
[SourceDate "2018.11.04"]
[SourceVersion "1"]
[SourceVersionDate "2018.11.04"]
[SourceQuality "1"]

1. e4 c5 2. Nf3 e6 3. d4 cxd4 4. Nxd4 a6 5. Bd3 Nf6 6. 0-0 d6 7. c4 Nbd7 8. Nc3 b6 9. Qe2 Bb7 10. f4 Rc8 11. Nb3 Qc7 12. Be3 Be7 13. Rac1 0-0 14. g4 Nc5 15. Nxc5 bxc5 16. g5 Nd7 17. f5 Rfe8 18. g6 hxg6 19. fxg6 fxg6 20. Qg4 Bf6 21. Bf4 Bd4+ 22. Kh1 Nf6 23. Qxg6 Qf7 24. Qxf7+ Kxf7 25. Rce1 Bc6 26. Be3 Be5 27. Kg1 Rh8 28. Bf4 Bd4+ 29. Be3 Rh3 30. Nd1 Rch8 31. Bxd4 cxd4 32. Nf2 Rxh2 33. Ng4 R2h4 34. Nxf6 gxf6 35. Re2 Rh3 36. Rd2 Rh1+ 37. Kf2 R8h2+ 38. Ke1 Rxf1+ 39. Bxf1 Rxd2 40. Kxd2 Bxe4 41. b4 Ke7 42. a4 Kd7 43. a5 Kc7 44. Bd3 Bb7 45. Bg6 d5 46. Bd3 dxc4 47. Bxc4 Kd6 48. Kd3 e5 49. Bf7 f5 50. Bc4 f4 51. Bf7 Bg2 52. Bg6 Bf1+ 53. Kd2 f3 54. Ke1 Bb5 55. Kf2 Bc6 56. Bd3 Bb7 57. b5 axb5 58. Bxb5 e4 59. a6 e3+ 60. Ke1 Be4 61. a7 Kc5 62. Bd3 Bxd3 0-1

[Event "Pavlodar op"]
[Site "Pavlodar"]
[Date "2017.11.23"]
[Round "4"]
[White "Nukin, Tolegen"]
[Black "Kurmangalieva, Liya"]
[Result "1-0"]
[WhiteElo "2112"]
[BlackElo "1550"]
[PlyCount "61"]
[EventDate "2017.11.21"]
[EventType "swiss"]
[EventRounds "9"]
[EventCountry "KAZ"]
[SourceTitle "EXT 2019"]
[Source "ChessBase"]
[SourceDate "2018.10.10"]
[SourceVersion "1"]
[SourceVersionDate "2018.10.10"]
[SourceQuality "1"]

1. e4 c5 2. Nc3 Nc6 3. g3 g6 4. Bg2 Bg7 5. d3 d6 6. f4 Bd7 7. Nf3 Qc8 8. h3 Nf6 9. Be3 0-0 10. g4 b5 11. a3 Rb8 12. Rb1 a5 13. Ne2 a4 14. 0-0 b4 15. Qd2 Qa6 16. f5 bxa3 17. bxa3 Rxb1 18. Rxb1 Rb8 19. Rf1 Qa5 20. fxg6 hxg6 21. Qc1 Qb6 22. Ng5 Ne5 23. Kh1 Bc6 24. Nc3 Qb7 25. Qe1 d5 26. Bf4 d4 27. Bxe5 dxc3 28. Qh4 Rd8 29. Nxf7 Kxf7 30. g5 Rh8 31. Qf2 1-0

[Event "KAZ-ch"]
[Site "Pavlodar"]
[Date "2015.05.11"]
[Round "1"]
[White "Nukin, Tolegen"]
[Black "Ismagambetov, Anuar"]
[Result "0-1"]
[WhiteElo "2145"]
[BlackElo "2546"]
[PlyCount "68"]
[EventDate "2015.05.11"]
[EventType "swiss"]
[EventRounds "9"]
[EventCountry "KAZ"]
[SourceTitle "EXT 2016"]
[Source "ChessBase"]
[SourceDate "2015.10.08"]
[SourceVersion "1"]
[SourceVersionDate "2015.10.08"]
[SourceQuality "1"]

1. Nf3 Nf6 2. g3 c5 3. Bg2 Nc6 4. 0-0 e5 5. c4 Be7 6. b3 0-0 7. Bb2 d6 8. Nc3 Rb8 9. e3 Bg4 10. h3 Bh5 11. d3 h6 12. Qd2 Qc8 13. Kh2 a6 14. Rae1 Re8 15. Ng1 Bg6 16. Nge2 Bd8 17. e4 b5 18. f4 bxc4 19. bxc4 Nd4 20. f5 Bh7 21. Rb1 Ba5 22. g4 Qd8 23. Ng3 Kh8 24. Bf3 Re7 25. Rbc1 Reb7 26. Ba1 Bb4 27. Rce1 Ba3 28. Nd1 Rb1 29. Bc3 Bc1 30. Qf2 Bf4 31. Kg1 Rc1 32. Ne2 Rc2 33. h4 Nd7 34. Bxd4 cxd4 0-1

[Event "Pavlodar op"]
[Site "Pavlodar"]
[Date "2014.12.01"]
[Round "1"]
[White "Seit, Nurbol"]
[Black "Nukin, Tolegen"]
[Result "0-1"]
[WhiteElo "1501"]
[BlackElo "2156"]
[PlyCount "29"]
[EventDate "2014.12.01"]
[EventType "swiss"]
[EventRounds "9"]
[EventCountry "KAZ"]
[SourceTitle "EXT 2016"]
[Source "ChessBase"]
[SourceDate "2015.10.08"]
[SourceVersion "1"]
[SourceVersionDate "2015.10.08"]
[SourceQuality "1"]

1. e4 e5 2. Nf3 Nc6 3. Bb5 Nf6 4. 0-0 d6 5. d3 Bd7 6. c3 Be7 7. h3 0-0 8. Be3 Re8 9. Nbd2 h5 10. Re1 Bf8 11. Nf1 g6 12. Ng3 Bg7 13. Qd2 Kh7 14. Nh2 d5 15. f3 0-1

[Event "Wch Seniors 23rd"]
[Site "Opatija"]
[Date "2013.11.23"]
[Round "11"]
[White "Nukin, Tolegen"]
[Black "Carlsten, Peter"]
[Result "1/2-1/2"]
[WhiteElo "2208"]
[BlackElo "1997"]
[PlyCount "94"]
[EventDate "2013.11.12"]
[EventType "swiss"]
[EventRounds "11"]
[EventCountry "CRO"]
[SourceTitle "CBM 157 Extra"]
[Source "ChessBase"]
[SourceDate "2013.12.19"]
[SourceVersion "1"]
[SourceVersionDate "2013.12.19"]
[SourceQuality "1"]

1. Nf3 f5 2. g3 Nf6 3. Bg2 g6 4. b3 Bg7 5. Bb2 0-0 6. 0-0 d6 7. d4 c6 8. c4 e5 9. dxe5 Ng4 10. Nc3 Nxe5 11. Nxe5 dxe5 12. Qxd8 Rxd8 13. Rfd1 Re8 14. e4 Na6 15. Na4 Be6 16. Rd2 Rad8 17. Rad1 Rxd2 18. Rxd2 Bc8 19. Kf1 Kf7 20. Ke2 Bh6 21. Rd1 Nb4 22. Nc5 Bf8 23. Nd3 Nxd3 24. Rxd3 Bg7 25. Rd1 Re7 26. Rd8 Re8 27. Rd2 Re7 28. Ba3 Rd7 29. Bd6 Rd8 30. c5 Be6 31. Kd1 Bf8 32. Bxf8 Rxd2+ 33. Kxd2 Kxf8 34. Kc3 Ke7 35. h4 Kd7 36. a3 Ke7 37. b4 Kd7 38. Kd3 Ba2 39. Ke3 Bc4 40. Bh3 Ke6 41. g4 f4+ 42. Kd2 g5 43. h5 h6 44. Bg2 Ke7 45. Bf3 Be6 46. Be2 Kd7 47. Kc3 Kc7 1/2-1/2

[Event "Wch Seniors 23rd"]
[Site "Opatija"]
[Date "2013.11.16"]
[Round "5"]
[White "Baeta, Marcio Netto"]
[Black "Nukin, Tolegen"]
[Result "1/2-1/2"]
[WhiteElo "2068"]
[BlackElo "2208"]
[PlyCount "115"]
[EventDate "2013.11.12"]
[EventType "swiss"]
[EventRounds "11"]
[EventCountry "CRO"]
[SourceTitle "CBM 157 Extra"]
[Source "ChessBase"]
[SourceDate "2013.12.19"]
[SourceVersion "1"]
[SourceVersionDate "2013.12.19"]
[SourceQuality "1"]

1. d4 Nf6 2. Nf3 e6 3. g3 d5 4. c4 Bb4+ 5. Bd2 Bxd2+ 6. Nbxd2 0-0 7. Bg2 Nbd7 8. 0-0 c6 9. Qc2 Qe7 10. e4 dxe4 11. Nxe4 Nxe4 12. Qxe4 Nf6 13. Qe3 Rd8 14. a3 a5 15. Ne5 a4 16. Rfd1 Bd7 17. b4 axb3 18. Qxb3 Ra7 19. c5 Nd5 20. a4 Be8 21. Nc4 Rb8 22. Bxd5 exd5 23. Re1 Qf6 24. Qb6 Raa8 25. Ne5 Qf5 26. Qb1 Qxb1 27. Rexb1 f6 28. Ng4 Bg6 29. Rb3 Bc2 30. Rb4 Bd3 31. Ra3 Ba6 32. Ne3 g6 33. f4 Re8 34. Kf2 h5 35. Rb2 Re4 36. Rd2 Bb5 37. a5 h4 38. Nd1 Bc4 39. Ne3 Ba6 40. Nc2 Bb5 41. Kf3 hxg3 42. hxg3 Kg7 43. Rh2 Ree8 44. Nb4 Rh8 45. Rxh8 Rxh8 46. Re3 Kf7 47. Ra3 Ra8 48. Nc2 Re8 49. Ne3 Rh8 50. Kg2 Ke6 51. Rb3 Ba6 52. Nd1 Rg8 53. Re3+ Kf7 54. g4 g5 55. f5 Rh8 56. Nf2 Bc4 57. Rh3 Rxh3 58. Kxh3 1/2-1/2

[Event "Wch Seniors 23rd"]
[Site "Opatija"]
[Date "2013.11.14"]
[Round "3"]
[White "Cao, Jorge"]
[Black "Nukin, Tolegen"]
[Result "0-1"]
[WhiteElo "1990"]
[BlackElo "2208"]
[PlyCount "102"]
[EventDate "2013.11.12"]
[EventType "swiss"]
[EventRounds "11"]
[EventCountry "CRO"]
[SourceTitle "CBM 157 Extra"]
[Source "ChessBase"]
[SourceDate "2013.12.19"]
[SourceVersion "1"]
[SourceVersionDate "2013.12.19"]
[SourceQuality "1"]

1. d4 Nf6 2. c4 e6 3. Nc3 d5 4. Bg5 Bb4 5. e3 h6 6. Bxf6 Qxf6 7. Nf3 0-0 8. Bd3 dxc4 9. Bxc4 c5 10. 0-0 cxd4 11. exd4 Nc6 12. a3 Bxc3 13. bxc3 Rd8 14. Qe2 Bd7 15. Rab1 Rac8 16. Bd3 b6 17. Rfe1 Na5 18. Rbc1 Bc6 19. Ne5 Ba8 20. Be4 Bxe4 21. Qxe4 Qe7 22. Qf3 Rc7 23. Qg3 Nc4 24. Nd3 Nxa3 25. h4 Nc4 26. Nf4 Qd6 27. Qg4 e5 28. Nh5 Qg6 29. Qf3 f5 30. Ng3 Kh8 31. Nxf5 h5 32. g3 b5 33. d5 Rcd7 34. Red1 Qg4 35. Qxg4 hxg4 36. Ra1 a5 37. d6 a4 38. Rd5 g6 39. Ne3 Nxe3 40. fxe3 Rxd6 41. Rxb5 Rd1+ 42. Rxd1 Rxd1+ 43. Kf2 Rd2+ 44. Kf1 Rd3 45. Ra5 Rxe3 46. Rxa4 Rxg3 47. c4 Kg7 48. c5 Rc3 49. Ra7+ Kh6 50. Ra5 g5 51. c6 Rxc6 0-1